Programmnoje obespečenije neodnorodnych raspredelennych sistem analiz i realizacija

Guardado en:
Detalles Bibliográficos
Formato: Libro
Lenguaje:ruso
Publicado: Moskva Finansy i statistika 1986
Edición:1. izd.
Etiquetas: Agregar Etiqueta
Sin Etiquetas, Sea el primero en etiquetar este registro!

MARC

LEADER 00000nam a2200000 4500
001 c024113
005 20260116072550.8
041 0 |a rus 
044 |a RU 
245 1 0 |a Programmnoje obespečenije neodnorodnych raspredelennych sistem  |b analiz i realizacija 
250 |a 1. izd. 
264 1 |a Moskva  |b Finansy i statistika  |c 1986 
300 |a 158 s.